MARC details
| 000 -CABECERA |
| campo de control de longitud fija |
01996nam a2200337 i 4500 |
| 001 - NÚMERO DE CONTROL |
| campo de control |
000036076 |
| 003 - IDENTIFICADOR DEL NÚMERO DE CONTROL |
| campo de control |
DO-SdBNP |
| 005 - FECHA Y HORA DE LA ÚLTIMA TRANSACCIÓN |
| campo de control |
20260508145118.0 |
| 007 - CAMPO FIJO DE DESCRIPCIÓN FÍSICA--INFORMACIÓN GENERAL |
| campo de control de longitud fija |
ta |
| 008 - DATOS DE LONGITUD FIJA--INFORMACIÓN GENERAL |
| campo de control de longitud fija |
111129s1994 dr ac 000 0 spa d |
| 040 ## - FUENTE DE LA CATALOGACIÓN |
| Centro catalogador/agencia de origen |
DO-SdBNP |
| Lengua de catalogación |
spa |
| Centro/agencia transcriptor |
BNPHU |
| Normas de descripción |
rda |
| 041 ## - CÓDIGO DE LENGUA |
| Código de lengua del texto/banda sonora o título independiente |
spa |
| 082 #4 - NÚMERO DE LA CLASIFICACIÓN DECIMAL DEWEY |
| Número de clasificación |
782.42168 |
| Número de documento/Ítem |
B862a |
| Número de edición |
22 |
| 245 03 - MENCIÓN DE TÍTULO |
| Título |
El álbum de Eduardo Brito / |
| Mención de responsabilidad, etc. |
presentación, Arístides Incháustegui. |
| 264 #1 - PRODUCCIÓN, PUBLICACIÓN, DISTRIBUCIÓN, FABRICACIÓN Y COPYRIGHT |
| Producción, publicación, distribución, fabricación y copyright |
Santo Domingo : |
| Nombre del de productor, editor, distribuidor, fabricante |
Secretaría de Estado de Educación, Bellas Artes y Cultos, |
| Fecha de producción, publicación, distribución, fabricación o copyright |
1994. |
| 300 ## - DESCRIPCIÓN FÍSICA |
| Extensión |
vii, 180 páginas : |
| Otras características físicas |
ilustraciones, retratos ; |
| Dimensiones |
28 cm. |
| 336 ## - TIPO DE CONTENIDO |
| Término de tipo de contenido |
texto |
| Código de tipo de contenido |
txt |
| Fuente |
rdacontent |
| 337 ## - TIPO DE MEDIO |
| Nombre/término del tipo de medio |
sin mediación |
| Código del tipo de medio |
n |
| Fuente |
rdamedia |
| 338 ## - TIPO DE SOPORTE |
| Nombre/término del tipo de soporte |
volumen |
| Código del tipo de soporte |
nc |
| Fuente |
rdacarrier |
| 500 ## - NOTA GENERAL |
| Nota general |
Incluye referencias bibliográficas y notas al pie de las páginas |
| 504 ## - NOTA DE BIBLIOGRAFÍA, ETC. |
| Nota de bibliografía, etc. |
Bibliografía : página 181 |
| 505 ## - NOTA DE CONTENIDO CON FORMATO |
| Nota de contenido con formato |
Dedicatoria, por la Lic. Jacqueline Malagón, v. -- Eduardo Brito, por Arístides Incháustegui vii. -- EL ALBUM DE EDUARDO BRITO: Primero paso en el arte,1. -- New York (1929-1932), 11. -- España (1932-1936), 25. -- Europa (1936-1937), 43. -- Regreso al país (1937), 55. --Puerto Rico (1937), 61. -- New York (1938), 69. -- Cuba (1938), 77. -- República Dominicana (1938), 89. -- Venezuela (1939) 93. -- República Dominicana (1939), 99. -- Colombia (1940-1941) 105. -- Panamá y Puerto Rico (1941), 123. -- República Dominicana (1942), 127. --Puerto Rico (1943-1944),135. -- New York (1944), 143. -- Ultimo retorno (1945), 147. -Discografía de Eduardo Brito, 167. -- Repertorio incluido en este álbum, 1980. -- Bibliografía consultada, 1981. |
| 590 ## - NOTA LOCAL (RLIN) |
| Nota local |
Inventariado, 2023/BT |
| 600 14 - PUNTO DE ACCESO ADICIONAL DE MATERIA--NOMBRE DE PERSONA |
| Nombre de persona |
Brito, Eduardo, |
| Fechas asociadas al nombre |
1905-1946 |
| 9 (RLIN) |
59721 |
| 650 #4 - PUNTO DE ACCESO ADICIONAL DE MATERIA--TÉRMINO DE MATERIA |
| Término de materia o nombre geográfico como elemento de entrada |
Músicos |
| Subdivisión geográfica |
República Dominicana |
| 9 (RLIN) |
62107 |
| 650 #7 - PUNTO DE ACCESO ADICIONAL DE MATERIA--TÉRMINO DE MATERIA |
| Término de materia o nombre geográfico como elemento de entrada |
Tenores (cantantes) |
| Subdivisión geográfica |
República Dominicana |
| Fuente del encabezamiento o término |
LIBRUNAM |
| 9 (RLIN) |
62108 |
| 650 #7 - PUNTO DE ACCESO ADICIONAL DE MATERIA--TÉRMINO DE MATERIA |
| Término de materia o nombre geográfico como elemento de entrada |
Cantantes dominicanos |
| Fuente del encabezamiento o término |
LIBRUNAM |
| 9 (RLIN) |
58485 |
| 700 1# - PUNTO DE ACCESO ADICIONAL--NOMBRE DE PERSONA |
| Nombre de persona |
Incháustegui, Arístides, |
| Término indicativo de función/relación |
presentador |
| 9 (RLIN) |
83438 |
| Código de función/relación |
pr. |
| 910 ## - DATOS DE OPCIÓN DEL USUARIO (OCLC) |
| Datos de opción del usuario |
Btavárez/Validado. Control de calidad MFF |
| 942 ## - ELEMENTOS DE PUNTO DE ACCESO ADICIONAL (KOHA) |
| Fuente del sistema de clasificación o colocación |
Dewey Decimal Classification |
| Tipo de ítem Koha |
Libro |